000 00253 a2200121 4500
001 151004
040 _cEscola São Tomás de Aquino
240 1 0 _aCinderela
_lpor
245 1 0 _aCinderela
300 _a16
697 _a*LITERATURA INFANTIL
942 _cBK
999 _c151004
_d151004